000 00487nam a2200181Ia 4500
003 GCL
008 140319s9999 xx 000 0 eng d
040 _aGCL /
_cGCL
082 0 4 _aCC
_b932.014
_bL P
100 1 _aLALOIETTE, CLAIRE
245 1 0 _aPHARAONS AU ROYAUME D'EGYPTE: LE TEMPS DES ROIS-DIEUX /
_cLALOIETTE, CLAIRE
260 _a[S.N] :
_bFAYARD ،
_c1991
300 _a391 P
650 0 4 _aANCIENT EGYPT
650 0 4 _aPHARAOHS
650 0 4 _aEGYPT - HISTORY
942 _2ddc
_cBK
999 _c25652
_d25652